000 00646nam a2200193Ia 4500
003 IN-BaIIA
008 211028s9999 xx 000 0 eng d
040 _cIIA Library
080 _a517.927
_bSTA-1
100 _aStakgold, Ivar
_95130
245 0 _aBoundary value problems of mathematical physics
_bvol. I
_cIvar Stakgold
260 _aNew York
_bMacmillan
_c1967
300 _aviii, 340p.
490 _aMacmillan series in advanced mathematics and theoretical physics
650 _aBoundary Value Problems
_95131
650 _aMathematical Physics
_91525
650 _aNASA Thesaurus
942 _cBK
999 _c2872
_d2872